Accin̤, ťica, polt̕ica Nuevos parm̀etros de reflexin̤ en ciencias sociales /

Detalles Bibliográficos
Autor principal: Valencia Gutiřrez, Alberto
Formato: eBook
Lenguaje:español
Publicado: Bogot:̀ Siglo del Hombre Editores, 2014
Materias:
Acceso en línea:Acceso restringido

MARC

LEADER 00000nam a22000007a 4500
005 20210426233541.0
007 cr|||| ||||
008 210426s2014 co |||||s|||| 00||0 spa d
020 |a 978-958-665-328-2 
035 |a 33209 
040 |a vLex 
090 |c 11535  |d 11535 
100 1 |a Valencia Gutiřrez, Alberto 
245 1 0 |a Accin̤, ťica, polt̕ica  |h [Recurso electrn̤ico] :  |b Nuevos parm̀etros de reflexin̤ en ciencias sociales /  |c Alberto Valencia Gutiřrez 
256 |a Servicio en ln̕ea 
260 |a Bogot:̀  |b Siglo del Hombre Editores,  |c 2014 
300 |a 1 recurso electrn̤ico 
500 |a No siempre somos contemporǹeos de nuestro presente. Las circunstancias cambian, pero los antiguos modos de pensamiento no se transforman necesariamente de acuerdo con las nuevas condiciones, y el resultado es que comenzamos a valorar los nuevos problemas que aparecen en el horizonte de la inercia de categora̕s aprendidas para pensar situaciones ya superadas. Este libro recopila una serie de ensayos, resultado de un esfuerzo intencional del autor por poner a tono los parm̀etros de la reflexin̤ con las nuevas circunstancias a las que nos enfrentamos hoy en da̕: -Cul̀es son los puntos de referencia en que se debe inscribir la reflexin̤ contemporǹea en la Filosofa̕ y las Ciencias Sociales? 
506 1 |a Disponible solo en los productos indicados  |d vLex Global  |d vLex Global (Academic Edition, excluding Law Schools)  |d vLex Global (U.S. Academic Edition, Law Schools)  |d vLex Global (U.S. Academic Edition, excluding Law Schools)  |d vLex Global (Academic Edition, Law Schools) 
650 0 4 |a Ciencias sociales  |z Colombia 
650 0 4 |a Ciencia polt̕ica  |z Colombia 
650 0 4 |a Filosofa̕ y religin̤  |z Colombia 
650 0 4 |a Humanidades  |z Colombia 
740 0 |a vLex Libros (Servicio en ln̕ea) 
856 4 0 |u https://vlex.com/source/accion-etica-politica-nuevos-parametros-de-reflexion-en-ciencias-sociales-33209  |z Acceso restringido 
942 |c LG 
999 0 |a Social Sciences 
999 0 |a Political science 
999 0 |a Philosophy and religion 
999 0 |a Humanities